Catálogo

DINAMICA DE LA COMUNICACION EN EL MATRIMONIO (Registro nro. 49716)

Detalles MARC
000 -LEADER
fixed length control field 00451nam a2200157 a 4500
001 - CONTROL NUMBER
control field 49716
005 - DATE AND TIME OF LATEST TRANSACTION
control field 20180714034522.0
008 - FIXED-LENGTH DATA ELEMENTS--GENERAL INFORMATION
fixed length control field 140415s1986 000 0 spa d
041 ## - LANGUAGE CODE
Language code of text/sound track or separate title spa
082 ## - DEWEY DECIMAL CLASSIFICATION NUMBER
Classification number 306.80141
Item number ISA
100 1# - MAIN ENTRY--PERSONAL NAME
Personal name Isaacs, David.
245 10 - TITLE STATEMENT
Title DINAMICA DE LA COMUNICACION EN EL MATRIMONIO
260 ## - PUBLICATION, DISTRIBUTION, ETC.
Place of publication, distribution, etc. [s.l.] :
Name of publisher, distributor, etc. EUNSA,
Date of publication, distribution, etc. 1986
300 ## - PHYSICAL DESCRIPTION
Extent 163
650 14 - SUBJECT ADDED ENTRY--TOPICAL TERM
Topical term or geographic name entry element EDUCACION PARA LA VIDA FAMILIAR
General subdivision MATRIMONIO.COMUNICACION
Existencias
Withdrawn status Lost status Source of classification or shelving scheme Damaged status Not for loan Home library Current library Shelving location Date acquired Source of acquisition Total Checkouts Full call number Barcode Price effective from Koha item type Collection code Inventory number Date last seen Date last checked out
  Extraviado Dewey Decimal Classification     Biblioteca Karol Wojtyla Biblioteca Karol Wojtyla   03/12/2013 Compra   306.80141 ISA 7429 03/12/2013 Libro        
    Dewey Decimal Classification     Biblioteca Karol Wojtyla Biblioteca Karol Wojtyla Sala general 03/12/2013 Compra   306.80141 ISA 8993 03/12/2013 Libro General 151000000000000000053313 05/01/2026 23/09/2016